[Event "DSOL 2021"]
[Site "Germany"]
[Date "2021.03.26"]
[Round "7.2"]
[White "Sauer, Marko"]
[Black "Rebentisch, Tom"]
[Result "0-1"]
[WhiteElo "2065"]
[BlackElo "2021"]
[Annotator "RC"]
[PlyCount "68"]
[EventDate "2021.01.18"]
[EventType "team-tourn"]
[EventCountry "GER"]
[SourceTitle "playchess.com"]
[Source "ChessBase"]
[SourceQuality "1"]
[WhiteTeam "SG Arnstadt-Stadtilm"]
[BlackTeam "SV Horst-Emscher I"]

1. e4 e5 2. Nf3 Nc6 3. Bc4 Bc5 4. c3 Nf6 5. d4 exd4 6. cxd4 Bb4+ 7. Bd2 Bxd2+ 8. Nbxd2 d5 9. exd5 Nxd5 10. O-O O-O 11. Re1 Nb6 12. Bb3 Nxd4 13. Nxd4 Qxd4 14. Qc2 c6 15. Rad1 Qf4 16. Re4 Qf6 17. Re3 Bf5 18. Qc5 Rfe8 19. Rde1 Rxe3 20. Rxe3 Bg6 21. Nf3 Rd8 22. Ne5 Nd5 23. Re1 a6 24. Nf3 h6 25. Qa7 Bh5 26. Nd4 Nf4 27. Nc2 Nd3 28. Rf1 c5 29. Bc4 Be2 30. Rb1 Qxf2+ 31. Kh1 Nf4 32. Bxf7+ Kxf7 33. Qxb7+ Kg8 34. Na3 Bf1 0-1

[Event "DSOL 2021"]
[Site "Germany"]
[Date "2021.03.25"]
[Round "7.2"]
[White "Zimm, Justus"]
[Black "Zimmermann, Manfred"]
[Result "1-0"]
[WhiteElo "2065"]
[BlackElo "1932"]
[Annotator "TA"]
[PlyCount "131"]
[EventDate "2021.01.18"]
[EventType "team-tourn"]
[EventCountry "GER"]
[SourceTitle "playchess.com"]
[Source "ChessBase"]
[SourceQuality "1"]

1. e4 c5 2. Nf3 a6 3. c4 Nc6 4. Nc3 e5 5. g3 Nf6 6. Bg2 d6 7. h3 Be7 8. O-O O-O 9. d3 Rb8 10. Nh4 Nd4 11. Be3 b5 12. b3 Bd7 13. Bxd4 cxd4 14. Ne2 bxc4 15. dxc4 Qc8 16. Kh2 g6 17. Nc1 Bc6 18. Qe2 Qb7 19. Re1 Nh5 20. Nf5 Ng7 21. Nxe7+ Qxe7 22. Nd3 a5 23. f4 Rbe8 24. fxe5 dxe5 25. a3 Nh5 26. Bf3 Nf6 27. b4 axb4 28. axb4 Ra8 29. b5 Rxa1 30. Rxa1 Ra8 31. Rxa8+ Bxa8 32. c5 Nd7 33. Qa2 Qe8 34. c6 Nb6 35. Qa7 Bxc6 36. bxc6 Nc8 37. Qd7 Kf8 38. Bg4 f5 39. exf5 Nb6 40. Qxe8+ Kxe8 41. fxg6 hxg6 42. Nxe5 Kd8 43. Nxg6 d3 44. Ne5 d2 45. Bd1 Kc7 46. Kg2 Kd6 47. Nf3 Nc4 48. Kf2 Kxc6 49. Ke2 Kd6 50. Nxd2 Ne5 51. Nf3 Nd7 52. Ke3 Ke6 53. Bb3+ Kf6 54. g4 Nc5 55. Bc2 Ne6 56. h4 Ng7 57. Bb3 Ne8 58. g5+ Kg6 59. h5+ Kg7 60. Kf4 Kh8 61. h6 Nd6 62. Ke5 Ne8 63. Bf7 Nc7 64. Nd4 Kh7 65. Kd6 Na8 66. Kc6 1-0

[Event "DSOL 2021"]
[Site "Germany"]
[Date "2021.03.22"]
[Round "7.2"]
[White "Burchert, Wolfgang"]
[Black "Conrad, Christian"]
[Result "1/2-1/2"]
[WhiteElo "2064"]
[BlackElo "2091"]
[Annotator "RC"]
[PlyCount "67"]
[EventDate "2021.01.18"]
[EventType "team-tourn"]
[EventCountry "GER"]
[SourceTitle "playchess.com"]
[Source "ChessBase"]
[SourceQuality "1"]

1. e4 e6 2. d4 d5 3. e5 c5 4. c3 Qb6 5. Nf3 Nc6 6. Bd3 cxd4 7. cxd4 Bd7 8. O-O Nxd4 9. Nbd2 Nxf3+ 10. Nxf3 Bb5 11. Be3 Qa6 12. Bxb5+ Qxb5 13. Rc1 Ne7 14. Nd4 Qd7 15. Qe2 Nc6 16. Nxc6 bxc6 17. Rc2 Rc8 18. Rfc1 Be7 19. Qg4 g6 20. b4 Qb7 21. a3 O-O 22. Bc5 Bxc5 23. Rxc5 Qb8 24. Qd4 Qb6 25. h4 h5 26. Qf4 Qd8 27. Rxc6 Rxc6 28. Rxc6 Qb8 29. Rd6 Qb5 30. g3 a5 31. bxa5 Qxa5 32. a4 Rd8 33. Rxd8+ Qxd8 34. Qd4 1/2-1/2

[Event "DSOL 2021"]
[Site "Germany"]
[Date "2021.03.23"]
[Round "7.2"]
[White "Schueler, Hendrik"]
[Black "Haase, Wolfgang"]
[Result "1-0"]
[WhiteElo "2063"]
[BlackElo "2020"]
[Annotator "RC"]
[PlyCount "117"]
[EventDate "2021.01.18"]
[EventType "team-tourn"]
[EventCountry "GER"]
[SourceTitle "playchess.com"]
[Source "ChessBase"]
[SourceQuality "1"]

1. e4 c5 2. Nf3 d6 3. d4 cxd4 4. Nxd4 Nf6 5. Nc3 a6 6. g3 Nc6 7. Bg2 Bd7 8. O-O g6 9. Nd5 Bg7 10. Ne2 O-O 11. Bg5 Ne8 12. c3 Be6 13. Qd2 Bxd5 14. exd5 Ne5 15. b3 Rc8 16. Rac1 Nf6 17. h3 Qc7 18. c4 Rfe8 19. Be3 Ned7 20. Nd4 Nc5 21. Qc2 e5 22. dxe6 Nxe6 23. Nxe6 fxe6 24. Qd2 Qe7 25. Rfd1 Red8 26. Qb4 Rd7 27. Bf4 Ne8 28. Qd2 Bf6 29. h4 Rcd8 30. Re1 Ng7 31. Rcd1 Kh8 32. Bg5 Qf7 33. Bxf6 Qxf6 34. Qe3 e5 35. Qb6 Qe7 36. Bh3 Nf5 37. h5 Kg7 38. hxg6 hxg6 39. Kg2 Rc7 40. Bxf5 gxf5 41. Qe3 Rh8 42. Rh1 Rcc8 43. Qf3 Rxh1 44. Rxh1 Qf7 45. Rh5 Kg6 46. Qd1 Qf8 47. Qh1 Qg7 48. Qh4 Kf7 49. Rh7 Rg8 50. Rxg7+ Rxg7 51. Qd8 Ke6 52. Qc8+ Rd7 53. Qg8+ Rf7 54. f3 b5 55. Qc8+ Rd7 56. Qxa6 bxc4 57. bxc4 e4 58. fxe4 fxe4 59. Qc6 1-0

[Event "DSOL 2021"]
[Site "Germany"]
[Date "2021.03.26"]
[Round "7.2"]
[White "Strozewski, Frank"]
[Black "Ottway, Christopher"]
[Result "0-1"]
[WhiteElo "2063"]
[BlackElo "1979"]
[Annotator "TA"]
[PlyCount "144"]
[EventDate "2021.01.18"]
[EventType "team-tourn"]
[EventCountry "GER"]
[SourceTitle "playchess.com"]
[Source "ChessBase"]
[SourceQuality "1"]
[WhiteTeam "SV Erkenschwick I"]
[BlackTeam "Biebertaler SF"]

1. c4 c5 2. Nc3 g6 3. d3 Bg7 4. g3 Nf6 5. Bg2 Nc6 6. e4 O-O 7. Nge2 Ne8 8. O-O Nc7 9. h3 Ne6 10. Kh2 Ned4 11. f4 d6 12. Nxd4 Nxd4 13. Ne2 Rb8 14. Rb1 a5 15. b3 b5 16. Nxd4 Bxd4 17. Bb2 Bxb2 18. Rxb2 bxc4 19. dxc4 Ba6 20. Rff2 a4 21. Rbd2 axb3 22. axb3 Qb6 23. Rf3 Qc7 24. Re3 Rb4 25. e5 dxe5 26. Rxe5 e6 27. Rd7 Qb8 28. Rxc5 Rxb3 29. Rcc7 Bc8 30. Re7 Rb1 31. Qd4 Qb2 32. Qc5 Ba6 33. Qa7 Qb6 34. Qxb6 Rxb6 35. g4 Rb4 36. Bf1 h6 37. f5 exf5 38. gxf5 gxf5 39. Kg3 Kg7 40. Kf4 Rb2 41. Bd3 Bc8 42. c5 Rd2 43. Bb5 Rd4+ 44. Ke3 Re4+ 45. Kf3 Kf6 46. Rxe4 fxe4+ 47. Kxe4 Bxh3 48. Kf4 Rc8 49. Rxc8 Bxc8 50. Be2 Be6 51. Bf3 Bc8 52. c6 Ke7 53. Ke5 Be6 54. Kf4 Kd6 55. Bg2 f6 56. Bf3 Bc8 57. Bg2 h5 58. Bf3 h4 59. Bh1 Bh3 60. Ke3 Bf1 61. Kf3 Bb5 62. Kg4 Bxc6 63. Bxc6 Kxc6 64. Kxh4 Kd5 65. Kg3 Ke4 66. Kf2 Kf4 67. Ke2 Kg3 68. Ke1 f5 69. Ke2 f4 70. Kf1 Kf3 71. Kg1 Ke2 72. Kg2 f3+ 0-1

[Event "DSOL 2021"]
[Site "Germany"]
[Date "2021.03.22"]
[Round "7.2"]
[White "Diesner, Michael"]
[Black "Schroer, Klaus"]
[Result "0-1"]
[WhiteElo "2057"]
[BlackElo "2139"]
[Annotator "TA"]
[PlyCount "46"]
[EventDate "2021.01.18"]
[EventType "team-tourn"]
[EventCountry "GER"]
[SourceTitle "playchess.com"]
[Source "ChessBase"]
[SourceQuality "1"]

1. c4 Nf6 2. Nc3 e6 3. Nf3 d5 4. d4 c6 5. Bg5 dxc4 6. e4 b5 7. e5 h6 8. Bh4 g5 9. Nxg5 hxg5 10. Bxg5 Be7 11. exf6 Bxf6 12. Bxf6 Qxf6 13. Be2 Na6 14. Bf3 Bb7 15. Nxb5 cxb5 16. Bxb7 Nb4 17. O-O Rd8 18. Qe1 Nc2 19. Qa5 Nxd4 20. g3 Qf5 21. Bg2 Ke7 22. Rae1 Nf3+ 23. Bxf3 Qh3 0-1

[Event "DSOL 2021"]
[Site "Germany"]
[Date "2021.03.25"]
[Round "7.2"]
[White "Bauer, Norbert"]
[Black "Stark, Raphael"]
[Result "1-0"]
[WhiteElo "2054"]
[BlackElo "1603"]
[Annotator "TA"]
[PlyCount "103"]
[EventDate "2021.01.18"]
[EventType "team-tourn"]
[EventCountry "GER"]
[SourceTitle "playchess.com"]
[Source "ChessBase"]
[SourceQuality "1"]

1. d4 Nf6 2. c4 e6 3. Nc3 Bb4 4. a3 Bxc3+ 5. bxc3 d5 6. e3 O-O 7. Bd3 Bd7 8. Ne2 b6 9. O-O c5 10. f3 Nc6 11. e4 dxc4 12. Bxc4 Na5 13. Bd3 c4 14. Bc2 b5 15. Ng3 h6 16. f4 Qc7 17. f5 e5 18. Be3 Rfe8 19. Nh5 Qb6 20. Nxf6+ Qxf6 21. dxe5 Qxe5 22. Bd4 Qe7 23. f6 Qe6 24. fxg7 Qg4 25. Qxg4 Bxg4 26. Rf6 Re6 27. Raf1 Rd8 28. Rxf7 Ree8 29. Bc5 Be6 30. Rxa7 Nc6 31. Rc7 Ne5 32. Rf8+ Rxf8 33. gxf8=Q+ Rxf8 34. Bxf8 Kxf8 35. Rc5 Nd3 36. Rxb5 Ke7 37. Kf1 Nf4 38. g3 Bh3+ 39. Kf2 Nd3+ 40. Bxd3 cxd3 41. Ke3 Kf7 42. a4 Ke7 43. a5 Kd7 44. a6 d2 45. Kxd2 Bf1 46. Ra5 Kc7 47. a7 h5 48. a8=Q h4 49. Rc5+ Kb6 50. Qc6+ Ka7 51. Ra5+ Kb8 52. Ra8# 1-0

[Event "DSOL 2021"]
[Site "Germany"]
[Date "2021.03.25"]
[Round "7.2"]
[White "Kramer, Kurt Melik"]
[Black "Gremmel, Jonas Simon"]
[Result "1-0"]
[WhiteElo "2049"]
[BlackElo "2021"]
[Annotator "TA"]
[PlyCount "141"]
[EventDate "2021.01.18"]
[EventType "team-tourn"]
[EventCountry "GER"]
[SourceTitle "playchess.com"]
[Source "ChessBase"]
[SourceQuality "1"]

1. d4 d5 2. Bf4 Nf6 3. e3 e6 4. Nd2 Bd6 5. Bg3 O-O 6. Ngf3 b6 7. c3 Bb7 8. Ne5 Nbd7 9. f4 Ne4 10. Nxe4 dxe4 11. Be2 c5 12. O-O Nf6 13. Bh4 Be7 14. dxc5 Bxc5 15. Qc1 Qc7 16. Bxf6 gxf6 17. Ng4 f5 18. Nf6+ Kh8 19. b4 Be7 20. Nh5 f6 21. Qb2 Bd5 22. Rfd1 Rad8 23. Rac1 Bc4 24. Bxc4 Qxc4 25. Rd4 Rxd4 26. cxd4 Qd3 27. Kf2 Bd8 28. Rc6 Qd1 29. Ng3 Re8 30. Qc2 Qxc2+ 31. Rxc2 Kg8 32. b5 Re7 33. Rc6 Kf7 34. d5 exd5 35. Nxf5 Rc7 36. Nd4 Rd7 37. a4 Be7 38. g4 Bc5 39. Nb3 Be7 40. h4 Bd6 41. Nd4 Bc5 42. Ne6 Bd6 43. f5 Ke7 44. Rc8 Be5 45. g5 fxg5 46. hxg5 Kd6 47. Rc6+ Ke7 48. Nd4 Kf7 49. Ke2 Kg7 50. Ne6+ Kf7 51. Kf2 Ke8 52. Rc8+ Ke7 53. Kg2 Kf7 54. Nd8+ Kg7 55. Nc6 Bc3 56. Ra8 h6 57. f6+ Kf7 58. gxh6 Bxf6 59. h7 Ke6 60. h8=Q Bxh8 61. Rxh8 Rg7+ 62. Kf2 Kd6 63. Ra8 Kc5 64. Rxa7 Rxa7 65. Nxa7 Kb4 66. Nc8 Kxa4 67. Nxb6+ Kxb5 68. Nxd5 Kc4 69. Nf6 Kd3 70. Nd7 Kc4 71. Kg3 1-0

[Event "DSOL 2021"]
[Site "Germany"]
[Date "2021.03.23"]
[Round "7.2"]
[White "Lehmann, Rainer"]
[Black "Tarriba Martinez Lopez, Gabriel"]
[Result "0-1"]
[WhiteElo "2037"]
[BlackElo "1935"]
[Annotator "TA"]
[PlyCount "86"]
[EventDate "2021.01.18"]
[EventType "team-tourn"]
[EventCountry "GER"]
[SourceTitle "playchess.com"]
[Source "ChessBase"]
[SourceQuality "1"]

1. Nf3 Nf6 2. c4 g6 3. Nc3 Bg7 4. e4 d6 5. d4 O-O 6. Be2 e5 7. O-O Nc6 8. d5 Ne7 9. Ne1 Nd7 10. f3 f5 11. g4 a5 12. Be3 b6 13. a3 Kh8 14. Nd3 Ng8 15. Qc1 Nc5 16. Nxc5 bxc5 17. Kg2 a4 18. h3 Bd7 19. Bd1 Qh4 20. Bg5 Bh6 21. Bxh4 Bxc1 22. Rxc1 h6 23. exf5 gxf5 24. Bc2 Rab8 25. Rb1 h5 26. Bxa4 Bxa4 27. Nxa4 hxg4 28. hxg4 Rb3 29. Nc3 Kg7 30. gxf5 Rxf5 31. Ne4 Rf4 32. Bg3 Rf8 33. Nc3 Nh6 34. Nb5 Nf5 35. Bf2 Kf6 36. Rh1 Kg5 37. Kf1 Rxf3 38. Ke2 Rb3 39. Nxc7 Rfb8 40. Nb5 Kf4 41. Rhg1 Rh8 42. Rg2 Rhh3 43. Rgg1 Rh2 0-1

[Event "DSOL 2021"]
[Site "Germany"]
[Date "2021.03.26"]
[Round "7.2"]
[White "Keyser, Philipp"]
[Black "Alexopoulos, Spiros Orestis"]
[Result "0-1"]
[WhiteElo "2030"]
[BlackElo "1911"]
[Annotator "TA"]
[PlyCount "37"]
[EventDate "2021.01.18"]
[EventType "team-tourn"]
[EventCountry "GER"]
[SourceTitle "playchess.com"]
[Source "ChessBase"]
[SourceQuality "1"]
[WhiteTeam "SK Johanneum Eppendorf III"]
[BlackTeam "Aachener SV"]

1. e4 e6 2. d4 d5 3. Nd2 c5 4. exd5 Qxd5 5. dxc5 Bxc5 6. Ngf3 Nf6 7. Bd3 O-O 8. O-O Nc6 9. Qe2 b6 10. Ne4 Bb7 11. Nxf6+ gxf6 12. Bf4 Nd4 13. Qd1 Nxf3+ 14. gxf3 Qxf3 15. Qxf3 Bxf3 16. Rfe1 Kh8 17. Be3 Rg8+ 18. Kf1 Rg2 19. Bxc5 0-1

[Event "DSOL 2021"]
[Site "Germany"]
[Date "2021.03.22"]
[Round "7.2"]
[White "Soergel, Thomas"]
[Black "Padva, Leo"]
[Result "0-1"]
[WhiteElo "2019"]
[BlackElo "1954"]
[Annotator "TA"]
[PlyCount "72"]
[EventDate "2021.01.18"]
[EventType "team-tourn"]
[EventCountry "GER"]
[SourceTitle "playchess.com"]
[Source "ChessBase"]
[SourceQuality "1"]

1. c4 c5 2. Nc3 Nf6 3. g3 g6 4. Bg2 Bg7 5. Nf3 Nc6 6. O-O O-O 7. d4 cxd4 8. Nxd4 e5 9. Ndb5 Ne8 10. b3 a6 11. Nd6 Nxd6 12. Qxd6 e4 13. Bb2 f5 14. Na4 b5 15. Bxg7 Kxg7 16. cxb5 axb5 17. Nc3 Qf6 18. Qxf6+ Rxf6 19. Nxb5 Ra5 20. Nc7 Kf7 21. Rfd1 Rc5 22. Nd5 Rd6 23. Ne3 Rxd1+ 24. Rxd1 Ke6 25. f4 d5 26. Nf1 Ba6 27. Rd2 Rc1 28. Kf2 d4 29. e3 Bxf1 30. Bxf1 dxe3+ 31. Kxe3 Rxf1 32. Rc2 Rf3+ 33. Kd2 Rf2+ 34. Kd1 Rxc2 35. Kxc2 Nb4+ 36. Kd2 Nxa2 0-1

[Event "DSOL 2021"]
[Site "Germany"]
[Date "2021.03.24"]
[Round "7.2"]
[White "Brockmann, Fabian"]
[Black "Reisch, Stefan"]
[Result "1/2-1/2"]
[WhiteElo "2003"]
[BlackElo "2150"]
[Annotator "TA"]
[PlyCount "40"]
[EventDate "2021.01.18"]
[EventType "team-tourn"]
[EventCountry "GER"]
[SourceTitle "playchess.com"]
[Source "ChessBase"]
[SourceQuality "1"]

1. e4 c5 2. b3 Nc6 3. Bb2 d6 4. Bb5 Qb6 5. Qe2 a6 6. Bxc6+ Qxc6 7. f4 Nf6 8. d3 g6 9. Nf3 Bg7 10. O-O O-O 11. Nbd2 b5 12. c4 Rb8 13. Rac1 Bg4 14. h3 Bxf3 15. Qxf3 bxc4 16. Nxc4 e6 17. Nxd6 Qxd6 18. e5 Qd8 19. exf6 Bxf6 20. Bxf6 Qxf6 1/2-1/2

[Event "DSOL 2021"]
[Site "Germany"]
[Date "2021.03.24"]
[Round "7.2"]
[White "Engert, Marvin"]
[Black "Zipfel, Frank"]
[Result "1-0"]
[WhiteElo "2000"]
[BlackElo "2146"]
[Annotator "TA"]
[PlyCount "77"]
[EventDate "2021.01.18"]
[EventType "team-tourn"]
[EventCountry "GER"]
[SourceTitle "playchess.com"]
[Source "ChessBase"]
[SourceQuality "1"]

1. e4 c5 2. f4 Nc6 3. Nf3 e6 4. d3 Nge7 5. Be2 g6 6. O-O Bg7 7. c3 d5 8. Na3 O-O 9. e5 d4 10. c4 b6 11. Nb5 Ba6 12. Nd6 Nf5 13. Ne4 Ne3 14. Bxe3 dxe3 15. Qa4 Bb7 16. Nd6 Qc7 17. Rfe1 Nd4 18. Nxd4 cxd4 19. Nxb7 Qxb7 20. Bf3 Qc7 21. Bxa8 Rxa8 22. b4 g5 23. g3 gxf4 24. gxf4 Bh6 25. Rf1 Kh8 26. Qd1 f6 27. Qf3 Rg8+ 28. Kh1 fxe5 29. fxe5 Rf8 30. Qe4 Qe7 31. b5 Rd8 32. Rf3 Bg7 33. Rh3 h6 34. Rg1 Rf8 35. Rhg3 Rf7 36. Rg4 Qc7 37. Rg6 Qxe5 38. Rxh6+ Kg8 39. Qxe5 1-0

[Event "DSOL 2021"]
[Site "Germany"]
[Date "2021.03.24"]
[Round "7.2"]
[White "Brunner, Tobias"]
[Black "Valkova, Anzhelika"]
[Result "1/2-1/2"]
[WhiteElo "1998"]
[BlackElo "1889"]
[Annotator "TA"]
[PlyCount "134"]
[EventDate "2021.01.18"]
[EventType "team-tourn"]
[EventCountry "GER"]
[SourceTitle "playchess.com"]
[Source "ChessBase"]
[SourceQuality "1"]

1. e4 c6 2. d4 d5 3. exd5 cxd5 4. Bd3 Nf6 5. c3 Nc6 6. Bf4 Bg4 7. Qb3 Na5 8. Qa4+ Bd7 9. Qc2 Qb6 10. Nd2 Rc8 11. Ngf3 Bb5 12. Rb1 e6 13. O-O Be7 14. Rfe1 O-O 15. Be5 Bxd3 16. Qxd3 Nc4 17. Nxc4 dxc4 18. Qd2 Nd5 19. Bg3 Qd8 20. Ne5 b5 21. a3 a5 22. Rbc1 Bg5 23. f4 Bf6 24. Ng4 Be7 25. Qe2 Bd6 26. Qf3 b4 27. axb4 axb4 28. f5 Bxg3 29. Qxg3 h5 30. Ne5 exf5 31. Rf1 f4 32. Qh3 Qg5 33. Rce1 bxc3 34. bxc3 Ne3 35. Rf2 Ng4 36. Rfe2 Ne3 37. Rf2 Ng4 38. Rfe2 Rce8 39. Qf3 f6 40. Nxc4 Rxe2 41. Qxe2 Kh8 42. Qe7 Rb8 43. Nd6 Qh4 44. Qxg7+ Kxg7 45. Nf5+ Kf7 46. Nxh4 Rb2 47. Nf5 Kg6 48. Ne7+ Kf7 49. Nd5 f3 50. gxf3 Nxh2 51. Re3 h4 52. Nf4 f5 53. Ng2 h3 54. Nf4 Ng4 55. fxg4 fxg4 56. Nxh3 gxh3 57. Rxh3 Ke6 58. Kf1 Kd5 59. Ke1 Kc4 60. Kd1 Rg2 61. Re3 Rh2 62. Re2 Rh1+ 63. Kd2 Rh3 64. Re5 Rd3+ 65. Ke2 Rxc3 66. Rc5+ Kxd4 67. Rxc3 Kxc3 1/2-1/2

[Event "DSOL 2021"]
[Site "Germany"]
[Date "2021.03.26"]
[Round "7.2"]
[White "Agne, Marcel"]
[Black "Ahlberg, Mario"]
[Result "1-0"]
[WhiteElo "1982"]
[BlackElo "1976"]
[Annotator "ChessBase"]
[PlyCount "91"]
[EventDate "2021.01.18"]
[EventType "team-tourn"]
[EventCountry "GER"]
[SourceTitle "playchess.com"]
[Source "ChessBase"]
[SourceQuality "1"]
[WhiteTeam "SF Birkenfeld I"]
[BlackTeam "SG Weißensee I"]

1. e4 Nf6 2. e5 Nd5 3. c4 Nb6 4. d4 d6 5. f4 Bf5 6. Nc3 Nc6 7. g4 Bd7 8. c5 dxc5 9. dxc5 Nc8 10. Bc4 e6 11. Be3 h5 12. Qe2 Qh4+ 13. Bf2 Qxg4 14. Nf3 Qxf4 15. Nb5 Na5 16. Nxc7+ Kd8 17. Nxa8 Qxc4 18. Qxc4 Nxc4 19. b3 Bc6 20. O-O-O+ Ke7 21. bxc4 Bxf3 22. c6 Bxh1 23. Bc5+ Nd6 24. exd6+ Kd8 25. Rxh1 bxc6 26. Nc7 Kd7 27. Na6 Kc8 28. Rd1 Kb7 29. d7 Bxc5 30. Nxc5+ Kc7 31. Kc2 Rd8 32. Kc3 Kb6 33. Ne4 f6 34. c5+ Kc7 35. Nd6 Rxd7 36. Ne8+ Kc8 37. Rxd7 Kxd7 38. Nxg7 h4 39. Nh5 f5 40. Kd4 Ke7 41. Ke5 Kf7 42. Nf4 a6 43. Nxe6 Kg6 44. h3 a5 45. Nd4 a4 46. Nxf5 1-0

[Event "DSOL 2021"]
[Site "Germany"]
[Date "2021.03.22"]
[Round "7.2"]
[White "Klaus, Christian"]
[Black "Spiel, Marianne"]
[Result "1-0"]
[WhiteElo "1976"]
[BlackElo "1869"]
[Annotator "TA"]
[PlyCount "83"]
[EventDate "2021.01.18"]
[EventType "team-tourn"]
[EventCountry "GER"]
[SourceTitle "playchess.com"]
[Source "ChessBase"]
[SourceQuality "1"]

1. e4 e6 2. d4 d5 3. e5 c5 4. c3 Bd7 5. Nf3 Nc6 6. Be2 Qb6 7. a3 f6 8. b4 cxd4 9. cxd4 fxe5 10. dxe5 Qc7 11. Bb2 Nge7 12. Bd3 g6 13. O-O Bg7 14. Re1 O-O 15. Nbd2 Nf5 16. Rc1 Qb6 17. Nb3 Nh4 18. Be2 Nxe5 19. Bxe5 Bxe5 20. Nc5 Bxh2+ 21. Kxh2 Qd6+ 22. Kg1 Nxf3+ 23. Bxf3 Bc8 24. Qd4 Rf4 25. Qe5 Qxe5 26. Rxe5 Kf7 27. Rce1 Rf5 28. Bg4 Rxe5 29. Rxe5 Kf6 30. f4 g5 31. g3 gxf4 32. gxf4 b6 33. Nxe6 Bb7 34. Nc7 Rg8 35. Ne8+ Kf7 36. Nd6+ Kf6 37. Re6+ Kg7 38. Kf2 Bc8 39. Re7+ Kf6 40. Rf7+ Kg6 41. Bxc8 Rxc8 42. f5+ 1-0

[Event "DSOL 2021"]
[Site "Germany"]
[Date "2021.03.22"]
[Round "7.2"]
[White "Brettschneider, Karl"]
[Black "Wendland, Guido"]
[Result "1/2-1/2"]
[WhiteElo "1968"]
[BlackElo "1545"]
[Annotator "TA"]
[PlyCount "90"]
[EventDate "2021.01.18"]
[EventType "team-tourn"]
[EventCountry "GER"]
[SourceTitle "playchess.com"]
[Source "ChessBase"]
[SourceQuality "1"]

1. c4 e5 2. Nc3 f5 3. g3 Nc6 4. Bg2 Nf6 5. e3 d6 6. Nge2 Be7 7. d4 e4 8. O-O O-O 9. f3 exf3 10. Bxf3 Bd7 11. Nf4 h6 12. Ng6 Re8 13. Nd5 Rb8 14. Ngxe7+ Nxe7 15. Nxf6+ gxf6 16. e4 Kh7 17. Qd2 Ng8 18. exf5 Bxf5 19. Bxb7 Qd7 20. Bd5 Be6 21. Bxe6 Rxe6 22. b3 Rbe8 23. Qd3+ Kg7 24. Bd2 d5 25. Rf2 Re4 26. c5 Qg4 27. Rf4 Qe2 28. Qxe2 Rxe2 29. Rf2 R2e4 30. Rd1 c6 31. Kf1 R8e7 32. Bf4 Kg6 33. Bd6 R7e6 34. Rf4 Re2 35. Rf2 R2e4 36. Bf4 h5 37. Kg2 Ne7 38. Kf3 Nf5 39. Rfd2 a6 40. Rd3 Ne7 41. Bc1 Re2 42. R1d2 Re1 43. Rd1 R1e2 44. R1d2 Re1 45. Rd1 R1e2 1/2-1/2

[Event "DSOL 2021"]
[Site "Germany"]
[Date "2021.03.23"]
[Round "7.2"]
[White "Hilck, Dirk"]
[Black "Brock, Friedemann"]
[Result "0-1"]
[WhiteElo "1967"]
[BlackElo "2249"]
[Annotator "TA"]
[PlyCount "67"]
[EventDate "2021.01.18"]
[EventType "team-tourn"]
[EventCountry "GER"]
[SourceTitle "playchess.com"]
[Source "ChessBase"]
[SourceQuality "1"]

1. e4 c5 2. Nf3 Nc6 3. d4 cxd4 4. Nxd4 Nf6 5. Nc3 e6 6. f3 Bb4 7. Nde2 d5 8. exd5 exd5 9. a3 Be7 10. Be3 O-O 11. Nd4 Re8 12. Nxc6 bxc6 13. Kf2 c5 14. Bf4 d4 15. Ne4 Nxe4+ 16. fxe4 Bb7 17. Bd3 Bd6 18. Bxd6 Qxd6 19. Qg4 c4 20. Bxc4 Rxe4 21. Qg3 Rf4+ 22. Kg1 d3 23. h3 Qc5+ 24. Kh2 Rxc4 25. cxd3 Rc2 26. Rhg1 Rxb2 27. Rac1 Qd5 28. Rc4 h5 29. Re4 Rd8 30. Re5 Qxd3 31. Re8+ Kh7 32. Qe5 Qd6 33. Qxd6 Rxd6 34. Re7 0-1

[Event "DSOL 2021"]
[Site "Germany"]
[Date "2021.03.22"]
[Round "7.2"]
[White "Noack, Mario"]
[Black "Schiefer, Peter"]
[Result "0-1"]
[WhiteElo "1959"]
[BlackElo "1597"]
[Annotator "TA"]
[PlyCount "58"]
[EventDate "2021.01.18"]
[EventType "team-tourn"]
[EventCountry "GER"]
[SourceTitle "playchess.com"]
[Source "ChessBase"]
[SourceQuality "1"]

1. d4 Nf6 2. c4 g6 3. Nc3 d5 4. cxd5 Nxd5 5. e4 Nxc3 6. bxc3 Bg7 7. Nf3 c5 8. Rb1 O-O 9. Be2 Nc6 10. d5 Ne5 11. c4 Nxf3+ 12. Bxf3 Qa5+ 13. Bd2 Qxa2 14. Be2 f5 15. exf5 Bxf5 16. Rxb7 Rab8 17. Rxb8 Rxb8 18. O-O Rb2 19. Bg5 Rxe2 20. d6 Bd4 21. dxe7 Kf7 22. Bh4 Qxc4 23. Re1 Rxe1+ 24. Qxe1 Qe6 25. Qc1 a5 26. h3 a4 27. Qh6 Bg7 28. Qf4 Qe1+ 29. Kh2 Be5 0-1

[Event "DSOL 2021"]
[Site "Germany"]
[Date "2021.03.24"]
[Round "7.2"]
[White "Di Candia, Roberto"]
[Black "Sommaro, Katja"]
[Result "1/2-1/2"]
[WhiteElo "1958"]
[BlackElo "2077"]
[Annotator "TA"]
[PlyCount "105"]
[EventDate "2021.01.18"]
[EventType "team-tourn"]
[EventCountry "GER"]
[SourceTitle "playchess.com"]
[Source "ChessBase"]
[SourceQuality "1"]

1. e4 g6 2. c4 d6 3. g3 Nf6 4. Bg2 Bg7 5. Ne2 c5 6. O-O O-O 7. Nbc3 Nc6 8. d3 Bd7 9. h3 Qc8 10. Kh2 Rb8 11. Be3 a6 12. a4 Nb4 13. f4 Be6 14. Qd2 Ne8 15. f5 gxf5 16. Nf4 fxe4 17. Bxe4 f5 18. Ncd5 Bxd5 19. Bxd5+ Nxd5 20. Nxd5 Rf7 21. Rae1 e6 22. Nb6 Qd8 23. a5 Qf6 24. b4 cxb4 25. Qxb4 Qb2+ 26. Qxb2 Bxb2 27. Na4 Bf6 28. Ba7 Ra8 29. Bg1 Ng7 30. d4 Re8 31. d5 Be5 32. Rxe5 dxe5 33. d6 Rd8 34. c5 f4 35. Re1 f3 36. Bf2 Rf5 37. g4 Rf4 38. Nb2 Rb4 39. Nd3 Ra4 40. Nxe5 Rxa5 41. Nxf3 Rb5 42. Ng5 Rb2 43. Kg3 Rb3+ 44. Kg2 Rb2 45. Kg3 Rf8 46. Bd4 Rb3+ 47. Kg2 e5 48. Rxe5 Rd3 49. Re4 Rd2+ 50. Kg3 Rd3+ 51. Kg2 Rd2+ 52. Kg3 Rd3+ 53. Kg2 1/2-1/2

[Event "DSOL 2021"]
[Site "Germany"]
[Date "2021.03.26"]
[Round "7.2"]
[White "Unterkoffler, Thomas"]
[Black "Ruiz-Hampel, Enrique"]
[Result "1/2-1/2"]
[WhiteElo "1955"]
[BlackElo "1984"]
[Annotator "ChessBase"]
[PlyCount "66"]
[EventDate "2021.01.18"]
[EventType "team-tourn"]
[EventCountry "GER"]
[SourceTitle "playchess.com"]
[Source "ChessBase"]
[SourceQuality "1"]
[WhiteTeam "TSV Willsbach"]
[BlackTeam "Eckernförder SC I"]

1. d4 b6 2. Nf3 Bb7 3. g3 Nf6 4. Bg2 e6 5. c4 Bb4+ 6. Bd2 Qe7 7. Nc3 Bxc3 8. Bxc3 Ne4 9. Rc1 Nxc3 10. Rxc3 d6 11. O-O Nd7 12. Qc2 a5 13. e4 e5 14. dxe5 Nxe5 15. Nd4 O-O 16. f4 Nc6 17. Nf5 Qe8 18. a3 Ne7 19. Nd4 Qd7 20. Rd1 Rad8 21. Rcd3 Qc8 22. b4 axb4 23. axb4 Nc6 24. Qb2 Nxd4 25. Qxd4 Qe6 26. c5 bxc5 27. bxc5 h6 28. Qe3 Qe7 29. cxd6 Rxd6 30. Rxd6 cxd6 31. Qd4 Re8 32. Qxd6 Qxd6 33. Rxd6 Bxe4 1/2-1/2